000 00480nmm a2200169Ia 4500
008 251105s9999||||xx |||||||||||||||||und||
020 _a9788498167108
041 _aspa
100 _aAguinaldo y Fami, Emilio
245 0 _aReseña verídica de la revolución filipina
264 _a[Madrid, España] :
_bLinkgua,
_c2010
300 _a42 páginas
490 _aHistoria
650 _aHistory of Asia
856 _uhttps://public.digitaliapublishing.com/a/16554
942 _cCF
999 _c91390
_d91390